Individual profiles of Medicare risk HMOs.

Bibliographic Details
Corporate Author: United States. Department of Health and Human Services. Office of Inspector General (Author)
Format: Government Document eBook
Language:English
Published: [Washington, D.C.] : Department of Health and Human Services, Office of Inspector General, 1995.
Subjects:
Online Access:https://purl.fdlp.gov/GPO/gpo71986

MARC

Tag First Indicator Second Indicator Subfields
LEADER 00000cam a2200000 i 4500
001 in00003736310
005 20211120180746.0
006 m o d f
007 cr mn|||||||||
008 160906s1995 dcua o f000 0 eng c
035 |a (OCoLC)ocn957773096 
040 |a GPO  |b eng  |e rda  |e pn  |c GPO  |d MvI  |d UtOrBLW 
042 |a pcc 
043 |a n-us--- 
049 |a WWW 
074 |a 0445-B-07 (online) 
086 0 |a HE 1.75:OEI-06-91-00733 
088 |a OEI-06-91-00733 
110 1 |a United States.  |b Department of Health and Human Services.  |b Office of Inspector General,  |e author. 
245 1 0 |a Individual profiles of Medicare risk HMOs. 
264 1 |a [Washington, D.C.] :  |b Department of Health and Human Services, Office of Inspector General,  |c 1995. 
300 |a 1 online resource (122 unnumbered pages) :  |b illustrations 
336 |a text  |b txt  |2 rdacontent 
337 |a computer  |b c  |2 rdamedia 
338 |a online resource  |b cr  |2 rdacarrier 
500 |a Title from title screen (viewed Sept. 2, 2016). 
500 |a "April 1995." 
500 |a "OEI-06-91-00733." 
500 |a Pages are not in order. 
650 0 |a Medicare beneficiaries  |v Surveys. 
650 0 |a Health maintenance organizations  |z United States  |v Surveys. 
776 0 8 |i Print version:  |t Individual profiles of Medicare risk HMOs  |w (OCoLC)767585223 
856 4 0 |u https://purl.fdlp.gov/GPO/gpo71986  |t 0 
999 f f |s 9b4fdbb8-0484-3800-94c3-bb57996fdda1  |i 69fdb1ad-b392-3a2d-a81e-80eb10ccdd2e  |t 0 
952 f f |a Texas A&M University  |b College Station  |c Electronic Resources  |d Available Online  |t 0  |e HE 1.75:OEI-06-91-00733  |h Superintendent of Documents classification 
998 f f |a HE 1.75:OEI-06-91-00733  |t 0  |l Available Online